<?xml version="1.0" encoding="UTF-8"?>
<collection xmlns="http://www.loc.gov/MARC21/slim">
 <record>
  <leader>01282nam a2200217   4500</leader>
  <controlfield tag="001">000024339</controlfield>
  <controlfield tag="003">20827</controlfield>
  <controlfield tag="005">20161124141100.0</controlfield>
  <controlfield tag="008">161124s                               sd</controlfield>
  <datafield tag="245" ind1="1" ind2="0">
   <subfield code="a">Tăng cường năng lực tổ chức các hoạt động giáo dục của giáo viên</subfield>
  </datafield>
  <datafield tag="774" ind1=" " ind2=" ">
   <subfield code="a">Hoàng Thị Nho</subfield>
   <subfield code="b">Tái bản lần thứ nhất</subfield>
   <subfield code="d">Giáo dục ; Đại học Sư phạm</subfield>
   <subfield code="d">H.</subfield>
   <subfield code="d">2014</subfield>
   <subfield code="g">Quyển 1</subfield>
   <subfield code="h">152 tr.</subfield>
   <subfield code="n">ĐTTS ghi: Bộ Giáo dục và Đào tạo. Cục Nhà giáo và Cán bộ quản lí cơ sở giáo dục</subfield>
   <subfield code="t">MN19 - MN20 - MN 20</subfield>
   <subfield code="w">20831</subfield>
  </datafield>
  <datafield tag="774" ind1=" " ind2=" ">
   <subfield code="a">Hoàng Công Dụng</subfield>
   <subfield code="d">Giáo dục ; Đại học Sư phạm</subfield>
   <subfield code="d">2013</subfield>
   <subfield code="g">Quyển 3</subfield>
   <subfield code="h">171 tr.</subfield>
   <subfield code="n">ĐTTS ghi: Bộ Giáo dục và Đào tạo. Cục Nhà giáo và Cán bộ quản lí cơ sở giáo dục</subfield>
   <subfield code="t">MN25 - MN26 - MN27</subfield>
   <subfield code="w">20832</subfield>
  </datafield>
  <datafield tag="774" ind1=" " ind2=" ">
   <subfield code="a">Hoàng Thị Thu Hương</subfield>
   <subfield code="b">Tái bản lần thứ nhất</subfield>
   <subfield code="d">Giáo dục ; Đại học Sư phạm</subfield>
   <subfield code="d">H.</subfield>
   <subfield code="d">2014</subfield>
   <subfield code="g">Quyển 2</subfield>
   <subfield code="h">157 tr.</subfield>
   <subfield code="n">ĐTTS ghi: Bộ Giáo dục và Đào tạo. Cục Nhà giáo và Cán bộ quản lí cơ sở giáo dục</subfield>
   <subfield code="t">MN22 - MN23 - MN24</subfield>
   <subfield code="w">20833</subfield>
  </datafield>
  <datafield tag="OWN" ind1=" " ind2=" ">
   <subfield code="a">LSP</subfield>
  </datafield>
  <datafield tag="999" ind1=" " ind2=" ">
   <subfield code="a">From the UDN01</subfield>
  </datafield>
  <datafield tag="TYP" ind1=" " ind2=" ">
   <subfield code="a">Monograph</subfield>
  </datafield>
  <datafield tag="TYP" ind1=" " ind2=" ">
   <subfield code="a">Printed language</subfield>
  </datafield>
  <datafield tag="980" ind1=" " ind2=" ">
   <subfield code="a">Mạng thư viện Đại học Đà Nẵng</subfield>
  </datafield>
 </record>
</collection>
